Multinationales Deutsch als Unterrichtssprache in der Auslandsgermanistik?

Guardado en:
Detalles Bibliográficos
Autor principal: Adamcová, Lívia
Formato: Capítulo de libro
Lenguaje:alemán
Etiquetas: Agregar Etiqueta
Sin Etiquetas, Sea el primero en etiquetar este registro!

MARC

LEADER 00000naa$a2200000$$$4500
001 0184005
005 20240502083433.4
041 0 |a ger 
044 |a AT 
245 1 0 |a Multinationales Deutsch als Unterrichtssprache in der Auslandsgermanistik?  |c Lívia Adamcová 
500 |a Abstrakt 
100 1 |a Adamcová, Lívia